000 00638cam a2200241 i 4500
001 3633237
005 20180201051051.0
008 750623r1975 nju b 001 0 eng
010 _a 75004460
020 _c$6.95
040 _aDLC
_cDLC
_dDLC
041 _aeng
043 _an-us---
080 _a339.20973 LEB
082 0 0 _a339.20973 LEB
100 1 _a52
101 _aEKO
240 1 0 _aAmerican economy.
_nPt. 1.
_pWealth and want
245 1 0 _aWealth and want /
_cStanley Lebergott.
504 _aIncludes bibliographical references and index.
906 _a7
_bcbc
_corignew
_d1
_eocip
_f19
_gy-gencatlg
942 _2ddc
_cBK
999 _c41503
_d41503